|
|
|
|
| LEADER |
00000nas a22000007a 4500 |
| 001 |
ssj0032418 |
| 003 |
WaSeSS |
| 005 |
20200512172242.0 |
| 006 |
m d |
| 007 |
cr n |
| 008 |
060814c19899999cauqr p s 0 a0eng |
| 010 |
|
|
|a 2010201664
|
| 015 |
|
|
|a GBB3B9448
|2 bnb
|
| 016 |
7 |
|
|a 2416414-8
|2 DE-600
|
| 016 |
7 |
|
|a 016566596
|2 Uk
|
| 022 |
|
|
|a 2154-3992
|y 1053-8151
|
| 035 |
|
|
|a (WaSeSS)ssj0032418
|
| 037 |
|
|
|b Sage Publications, 2455 Teller Rd, Thousand Oaks, CA 91320
|
| 040 |
|
|
|a OCLCS
|b eng
|c OCLCS
|d OCLCS
|d MUQ
|d NTE
|d TXJ
|d DLC
|d OCLCQ
|d OCLCF
|d OCLCQ
|d ELW
|d OCLCO
|d OCLCQ
|d OCLCO
|d NLE
|d OCLCA
|d BUF
|d REB
|d OCLCO
|d APUMS
|d AU@
|d OCLCO
|d WYU
|d UKMGB
|d U3W
|d WaSeSS
|
| 042 |
|
|
|a pcc
|a nsdp
|
| 050 |
0 |
0 |
|a LC4019.2
|b .J68
|
| 060 |
|
4 |
|a W1
|b JO626P
|
| 082 |
0 |
4 |
|a 371.9
|
| 082 |
1 |
0 |
|a 371.9
|2 14
|
| 222 |
|
0 |
|a Journal of early intervention
|b (Online)
|
| 245 |
0 |
0 |
|a Journal of early intervention
|h [electronic resource].
|
| 260 |
|
|
|a [Thousand Oaks, CA] :
|b Sage Publications
|
| 310 |
|
|
|a Quarterly
|
| 362 |
1 |
|
|a Print began with v. 13, no. 1 (1989).
|
| 500 |
|
|
|a Description based: Vol. 13, no. 1 (1989); title from caption (Sage Publications website, viewed Mar. 26, 2010).
|
| 500 |
|
|
|a Published by Sage on behalf of Division for Early Childhood of the Council for Exceptional Children.
|
| 500 |
|
|
|a Includes issues from previous print title.
|
| 506 |
|
|
|a License restrictions may limit access.
|
| 588 |
|
|
|a Latest issue consulted: Vol. 32, no. 1 (Dec. 2009) (Sage Publications website, viewed Mar. 26, 2010).
|
| 650 |
|
0 |
|a Children with disabilities
|x Education (Preschool)
|v Periodicals.
|
| 650 |
|
6 |
|a Enfants handicapés
|x Enseignement préscolaire
|v Périodiques.
|
| 650 |
|
7 |
|a Children with disabilities
|x Education (Preschool)
|2 fast
|0 (OCoLC)fst00855577
|
| 650 |
1 |
7 |
|a Orthopedagogiek.
|2 gtt
|
| 650 |
1 |
7 |
|a Interventie.
|2 gtt
|
| 650 |
|
2 |
|a Child, Exceptional
|v Periodicals.
|
| 650 |
|
2 |
|a Child, Preschool
|x education
|v Periodicals.
|
| 650 |
|
2 |
|a Education, Special
|v Periodicals.
|
| 655 |
|
0 |
|a Electronic journals.
|
| 710 |
2 |
|
|a Council for Exceptional Children.
|b Division for Early Childhood.
|
| 776 |
0 |
8 |
|i Print version:
|t Journal of early intervention
|x 1053-8151
|w (DLC) 92641643
|w (OCoLC)19753071
|
| 780 |
0 |
0 |
|t Journal of the Division for Early Childhood
|w (OCoLC)316253374
|
| 856 |
4 |
0 |
|z Full text available from Research Library: 01/01/2000 to 12/31/2017
|u https://search.proquest.com/publication/32947
|